=LDR 00000nam 2200000 4500 =001 INLIS000000000027977 =005 20130612130319 =008 ***********************************ind** =035 ##$$0010-061300000027977 =041 ##$$a ind =082 ##$$a 346.007 =090 ##$$a 346.007, ARD h =100 ##$$a Ardian, Zul Afdi =245 ##$$a Hukum Perdata dan Dagang, Zul Afdi Ardian, An-an Chadrawulan =260 ##$$a 1988 $b Bandung =300 ##$$a 171 hlm., 21 cm =650 ##$$a Hukum Perdata =700 ##$$a Chandrawulan, An-An =850 ##$$a NBPNMAT